[Event "Rated Blitz tournament Cag9VgVA"]
[Site "?"]
[Date "2021.07.21"]
[Round "?"]
[White "Sengdorzh"]
[Black "Yakub1"]
[Result "1-0"]
[WhiteElo "2526"]
[BlackElo "2518"]
[PlyCount "99"]
[EventDate "2021.??.??"]
[EventType "blitz"]

1. e4 e5 2. Nf3 d5 3. Nxe5 dxe4 4. d4 exd3 5. Bxd3 Nd7 6. Nxd7 Bxd7 7. O-O Nf6
8. Re1+ Be7 9. Nc3 O-O 10. Bf4 c6 11. Qf3 Bg4 12. Qg3 Be6 13. Rad1 Qc8 14. Be5
Rd8 15. Ne4 Ne8 16. Ng5 Bxg5 17. Qxg5 f6 18. Qh5 fxe5 19. Qxh7+ Kf8 20. Rxe5
Nf6 21. Qg6 Bf7 22. Qg5 Qc7 23. Rde1 Re8 24. h4 Rxe5 25. Rxe5 Re8 26. Rxe8+
Kxe8 27. Qxg7 Qe7 28. Qg3 Kd7 29. f3 Qc5+ 30. Qf2 Qe5 31. g3 b6 32. b3 Bd5 33.
Kh2 Kc7 34. c4 Be6 35. Be2 Qb2 36. Kg2 Kb7 37. Qe3 Bc8 38. g4 Qxa2 39. g5 Nh5
40. Kf2 a5 41. f4 Bg4 42. g6 b5 43. Qe7+ Kb6 44. c5+ Ka6 45. f5 Nf4 46. Qe4
Qxe2+ 47. Qxe2 Nxe2 48. g7 Bxf5 49. g8=Q Nd4 50. Qa8# {Normal} 1-0

[Event "Rated Blitz game"]
[Site "?"]
[Date "2021.07.21"]
[Round "?"]
[White "Chesstomioka"]
[Black "LOWpusher_v_LOWberjz"]
[Result "0-1"]
[WhiteElo "2603"]
[BlackElo "2645"]
[PlyCount "70"]
[EventDate "2021.??.??"]
[EventType "blitz"]

1. e4 e5 2. Nf3 d5 3. Nxe5 dxe4 4. d4 Nf6 5. Bc4 Be6 6. Bxe6 fxe6 7. Bg5 c5 8.
c3 Nbd7 9. Bxf6 Nxf6 10. Qa4+ Nd7 11. Qb3 Qb6 12. Nxd7 Kxd7 13. Nd2 cxd4 14.
Qxb6 axb6 15. Nxe4 dxc3 16. bxc3 Ba3 17. Rb1 Kc6 18. Kd2 Rhd8+ 19. Kc2 Rd5 20.
Rhd1 Bc5 21. Kb2 Ba3+ 22. Kb3 Rb5+ 23. Kc2 Rba5 24. Ra1 Be7 25. Kb2 Rb5+ 26.
Kc2 Rd5 27. f3 b5 28. Kb3 Ra3+ 29. Kb2 Ra8 30. Rac1 Ba3+ 31. Kb3 Bxc1 32. Rxc1
Rad8 33. Rc2 Rd1 34. c4 Rb1+ 35. Kc3 b4# {Normal} 0-1

[Event "Rated Blitz game"]
[Site "?"]
[Date "2021.07.21"]
[Round "?"]
[White "vanja11"]
[Black "BrilliantGambiteer"]
[Result "0-1"]
[WhiteElo "2302"]
[BlackElo "2421"]
[PlyCount "72"]
[EventDate "2021.??.??"]
[EventType "blitz"]

1. e4 e5 2. Nf3 d5 3. exd5 Bd6 4. d4 e4 5. Ne5 Nf6 6. Bb5+ Nbd7 7. Bg5 Be7 8.
Bxf6 Bxf6 9. Qg4 a6 10. Bxd7+ Bxd7 11. Nxd7 Qxd7 12. Qxe4+ Kf8 13. O-O Re8 14.
Qd3 Qxd5 15. c3 c5 16. Nd2 cxd4 17. Nf3 Rd8 18. Rfd1 g6 19. cxd4 Kg7 20. Qb3
Qd7 21. Rac1 Rhe8 22. h3 Re4 23. d5 Re2 24. d6 Rxb2 25. Qd5 Rb5 26. Qc4 Qf5 27.
a4 Rb2 28. Rd5 Qe6 29. Re1 Qd7 30. Ne5 Bxe5 31. Rexe5 Rb1+ 32. Kh2 Re8 33. Qc7
Rxe5 34. Rxe5 Qxc7 35. dxc7 Rc1 36. Re7 Kf6 {Time forfeit} 0-1

[Event "Rated Blitz game"]
[Site "?"]
[Date "2021.07.21"]
[Round "?"]
[White "mrkica1964"]
[Black "Saberjafari"]
[Result "1-0"]
[WhiteElo "2488"]
[BlackElo "2330"]
[PlyCount "71"]
[EventDate "2021.??.??"]
[EventType "blitz"]

1. e4 e5 2. Nf3 d5 3. exd5 e4 4. Qe2 f5 5. d3 Nf6 6. dxe4 fxe4 7. Ng5 Bf5 8. f3
Bc5 9. fxe4 Bg4 10. Qb5+ Nbd7 11. Ne6 Qe7 12. Nxc5 Qxc5 13. Nc3 Qe7 14. Bd3 a6
15. Qxb7 O-O 16. O-O Nh5 17. Be3 Ne5 18. Rxf8+ Rxf8 19. Qxa6 Bh3 20. gxh3 Nf3+
21. Kh1 Ng5 22. Bxg5 Qxg5 23. Qe6+ Kh8 24. Rf1 Nf4 25. Qg4 Qe5 26. Ne2 g5 27.
Nxf4 gxf4 28. Qf3 h6 29. b3 Rg8 30. Rg1 Rf8 31. Rg4 Kh7 32. a4 Rf6 33. h4 Qa1+
34. Rg1 Qe5 35. a5 Qd4 36. e5+ {Normal} 1-0

[Event "Rated Blitz game"]
[Site "?"]
[Date "2021.07.21"]
[Round "?"]
[White "vikstefan"]
[Black "Taabling"]
[Result "0-1"]
[WhiteElo "2442"]
[BlackElo "2510"]
[PlyCount "72"]
[EventDate "2021.??.??"]
[EventType "blitz"]

1. e4 e5 2. Nf3 d5 3. exd5 Bd6 4. c4 Nf6 5. Nc3 O-O 6. d4 e4 7. Ne5 c5 8. dxc6
Nxc6 9. Nxc6 bxc6 10. Be2 h6 11. h3 Rb8 12. O-O a5 13. Re1 Re8 14. Qc2 Bc7 15.
Bf1 Qxd4 16. Be3 Qe5 17. g3 Qf5 18. Bg2 Qg6 19. Ba7 Rb7 20. Bd4 Bf5 21. g4 Nxg4
22. hxg4 Qxg4 23. Nd1 Qf4 24. Ne3 Qh2+ 25. Kf1 Bh3 26. Bxh3 Qxh3+ 27. Ke2 Qf3+
28. Kf1 Re6 29. Ng2 Rg6 30. Qxe4 Qh3 31. f4 Bxf4 32. Rad1 Qh1+ 33. Kf2 Bg3+ 34.
Ke2 Bxe1 35. Rxe1 Rxg2+ 36. Kd3 Rg3+ {Normal} 0-1

[Event "Rated Blitz game"]
[Site "?"]
[Date "2021.07.21"]
[Round "?"]
[White "actenoides"]
[Black "greg24"]
[Result "1-0"]
[WhiteElo "2410"]
[BlackElo "2306"]
[PlyCount "21"]
[EventDate "2021.??.??"]
[EventType "blitz"]

1. e4 e5 2. Nf3 d5 3. d4 dxe4 4. Nxe5 Bf5 5. Bc4 Bg6 6. h4 Bd6 7. h5 Bxe5 8.
hxg6 Qxd4 9. Qxd4 Bxd4 10. gxf7+ Kf8 11. Rxh7 {Normal} 1-0

[Event "Rated Blitz game"]
[Site "?"]
[Date "2021.07.21"]
[Round "?"]
[White "micfel"]
[Black "GoughPhar"]
[Result "1-0"]
[WhiteElo "2419"]
[BlackElo "2450"]
[PlyCount "75"]
[EventDate "2021.??.??"]
[EventType "blitz"]

1. e4 e5 2. Nf3 d5 3. Nxe5 Bd6 4. d4 dxe4 5. Be2 Bxe5 6. dxe5 Qxd1+ 7. Bxd1 Nc6
8. Nc3 Bf5 9. g4 Bg6 10. Bf4 O-O-O 11. h4 h5 12. g5 Nge7 13. Be2 Bf5 14. Rg1
Ng6 15. Bg3 Ngxe5 16. Rd1 Nf3+ 17. Bxf3 exf3 18. Rxd8+ Rxd8 19. Bf4 Bxc2 20.
Rg3 Nd4 21. Be3 Ne2 22. Rxf3 Nxc3 23. bxc3 Bg6 24. Bd4 Re8+ 25. Kd2 Re4 26. Rh3
a5 27. f3 Rf4 28. Ke3 Rf5 29. Bxg7 Rb5 30. Rh2 Rb1 31. Bd4 a4 32. a3 Ra1 33.
Bc5 b6 34. Bf8 Kd7 35. Rd2+ Ke8 36. Bg7 Rxa3 37. Bf6 b5 38. Rd8# {Normal} 1-0

[Event "Rated Blitz game"]
[Site "?"]
[Date "2021.07.21"]
[Round "?"]
[White "BoomerAangie"]
[Black "olarovfan"]
[Result "1-0"]
[WhiteElo "2610"]
[BlackElo "2575"]
[PlyCount "81"]
[EventDate "2021.??.??"]
[EventType "blitz"]

1. e4 e5 2. Nf3 d5 3. Nxe5 Bd6 4. d4 dxe4 5. Bc4 Bxe5 6. dxe5 Qxd1+ 7. Kxd1 Nc6
8. Bf4 Bf5 9. c3 Nge7 10. e6 O-O-O+ 11. Ke2 fxe6 12. Nd2 Nd5 13. Bg5 Rde8 14.
h3 h6 15. Bh4 Ne5 16. Bg3 Nxc4 17. Nxc4 g5 18. Be5 Nf4+ 19. Kf1 Rhf8 20. h4 Nd3
21. Bg7 Rf7 22. Bxh6 gxh4 23. Rxh4 Bg6 24. Be3 Nxf2 25. Ne5 Rf6 26. Bxf2 e3 27.
Nxg6 Rxf2+ 28. Kg1 Rxb2 29. Re1 Rxa2 30. Rxe3 a5 31. Nf4 e5 32. Nd5 c6 33. Nb6+
Kc7 34. Nc4 Rg8 35. Rh7+ Kb8 36. g3 Rd8 37. Re1 Rd3 38. Rg7 e4 39. Rb1 b5 40.
Rf1 Rd8 41. Ne5 {Normal} 1-0

[Event "Rated Blitz game"]
[Site "?"]
[Date "2021.07.21"]
[Round "?"]
[White "Lex6699"]
[Black "olarovfan"]
[Result "1-0"]
[WhiteElo "2605"]
[BlackElo "2628"]
[PlyCount "85"]
[EventDate "2021.??.??"]
[EventType "blitz"]

1. e4 e5 2. Nf3 d5 3. exd5 e4 4. Qe2 Nf6 5. Nc3 Qe7 6. Ng5 Bf5 7. f3 exf3 8.
Qxe7+ Bxe7 9. Nxf3 Bb4 10. Bb5+ Nbd7 11. d3 O-O-O 12. Bd2 a6 13. Bc4 Rhe8+ 14.
Ne2 Bxd2+ 15. Kxd2 Nb6 16. Bb3 Nbxd5 17. Ned4 Bg6 18. Rae1 c5 19. Ne2 Ne3 20.
Nf4 Nf5 21. Nxg6 fxg6 22. Bf7 Rf8 23. Ng5 Rd6 24. Rhf1 h6 25. Be6+ Kb8 26. Bxf5
gxf5 27. Ne6 Rf7 28. Nxc5 g6 29. Re6 Rxe6 30. Nxe6 Re7 31. Nf4 g5 32. Ne2 f4
33. Ng3 Ng4 34. Nf5 Re5 35. h3 Nh2 36. Rh1 Rxf5 37. Rxh2 Re5 38. Rh1 Re3 39.
Re1 Rg3 40. Re2 f3 41. gxf3 Rxf3 42. Rh2 h5 43. Ke2 {Time forfeit} 1-0

[Event "Rated Blitz game"]
[Site "?"]
[Date "2021.07.21"]
[Round "?"]
[White "Zol46"]
[Black "KamranShirazi"]
[Result "0-1"]
[WhiteElo "2404"]
[BlackElo "2574"]
[PlyCount "48"]
[EventDate "2021.??.??"]
[EventType "blitz"]

1. e4 e5 2. Nf3 d5 3. exd5 e4 4. Qe2 Nf6 5. Nc3 Be7 6. Nd4 c5 7. Qb5+ Bd7 8.
Qxb7 cxd4 9. Qxa8 dxc3 10. dxc3 Bc5 11. Bg5 O-O 12. O-O-O Bxf2 13. Bc4 Qc7 14.
Rhf1 Nc6 15. Qxf8+ Kxf8 16. dxc6 Qxc6 17. Rxf2 Qxc4 18. Bxf6 Qe6 19. Bd4 f6 20.
Rdf1 Qxa2 21. Kd2 Qxb2 22. Bxa7 Ba4 23. Rb1 Qxc2+ 24. Ke3 Qxb1 {Normal} 0-1

[Event "Rated Blitz game"]
[Site "?"]
[Date "2021.07.21"]
[Round "?"]
[White "Didi67"]
[Black "Nisamjamajkemi"]
[Result "1-0"]
[WhiteElo "2417"]
[BlackElo "2390"]
[PlyCount "127"]
[EventDate "2021.??.??"]
[EventType "blitz"]

1. e4 e5 2. Nf3 d5 3. Nxe5 Bd6 4. d4 dxe4 5. Nc4 Nf6 6. Nxd6+ Qxd6 7. Be2 O-O
8. O-O Bf5 9. c4 Nc6 10. Be3 Rad8 11. d5 Ne5 12. h3 h6 13. Nc3 a6 14. a3 Nd3
15. Qd2 b6 16. b4 Bh7 17. f4 Rfe8 18. Bxd3 exd3 19. Rae1 Ne4 20. Nxe4 Bxe4 21.
Bd4 f5 22. Re3 b5 23. Rg3 Rd7 24. Be5 Qb6+ 25. c5 Qb8 26. d6 cxd6 27. Bxd6 Qb7
28. Kh2 Kh7 29. Qc3 Qc6 30. Rd1 Rg8 31. Qd4 Qb7 32. Re3 Qc6 33. Qe5 Rf7 34. Rd2
Re8 35. Qa1 g5 36. Qe1 Rg8 37. Qf2 g4 38. h4 h5 39. Be5 Qd5 40. Qe1 Re8 41. g3
Rd7 42. Qa1 Rxe5 43. Qxe5 Qxe5 44. fxe5 Re7 45. Kg1 Rxe5 46. Rdxd3 Re6 47. Rd4
Kg6 48. Kf2 Kf6 49. Rexe4 fxe4 50. Ke3 Re5 51. Rd6+ Ke7 52. Rxa6 Rf5 53. Kxe4
Rf3 54. Rh6 Rxg3 55. Rxh5 Rxa3 56. Rg5 Rb3 57. Kd5 g3 58. h5 Kf6 59. Rg6+ Kf7
60. c6 Rd3+ 61. Kc5 Rc3+ 62. Kxb5 g2 63. Rxg2 Rh3 64. Rg5 {Normal} 1-0

[Event "Rated Blitz game"]
[Site "?"]
[Date "2021.07.21"]
[Round "?"]
[White "OosterYoung"]
[Black "olarovfan"]
[Result "1-0"]
[WhiteElo "2636"]
[BlackElo "2601"]
[PlyCount "85"]
[EventDate "2021.??.??"]
[EventType "blitz"]

1. e4 e5 2. Nf3 d5 3. Nxe5 Bd6 4. d4 dxe4 5. Bc4 Bxe5 6. Qh5 Qxd4 7. Qxf7+ Kd8
8. Nc3 Nd7 9. Bg5+ Bf6 10. Qxg7 Qxc4 11. Bxf6+ Ndxf6 12. O-O-O+ Bd7 13. Qxh8
Qf7 14. Rhe1 c6 15. Nxe4 Kc7 16. Nxf6 Qxf6 17. Qxh7 Rd8 18. Rxd7+ Rxd7 19. Qxg8
Qxf2 20. Qg3+ Qxg3 21. hxg3 c5 22. Re3 Kc6 23. g4 Rg7 24. Rg3 Kd5 25. g5 Ke4
26. g6 Kf4 27. Rc3 b6 28. Ra3 a5 29. Rf3+ Ke5 30. g3 Rxg6 31. a4 Ke4 32. Rb3 c4
33. Rc3 Kd4 34. Kd2 Rf6 35. Ke2 Rh6 36. Kf3 Rh1 37. g4 Rf1+ 38. Kg3 Rg1+ 39.
Kf4 Kc5 40. b3 Rf1+ 41. Kg5 b5 42. axb5 Kxb5 43. Rxc4 {Time forfeit} 1-0

[Event "Titled Tuesday 20th July"]
[Site "chess.com INT"]
[Date "2021.07.20"]
[Round "8"]
[White "Vagman, Roy"]
[Black "Ambartsumova, K."]
[Result "0-1"]
[WhiteElo "2148"]
[BlackElo "2382"]
[PlyCount "128"]
[EventDate "2021.07.20"]
[SourceTitle "The Week in Chess 1394"]
[Source "Mark Crowther"]
[SourceDate "2021.07.26"]
[SourceVersion "3"]
[SourceVersionDate "2021.07.27"]
[SourceQuality "2"]

1. e4 e5 2. Nf3 d5 3. exd5 e4 4. Qe2 Nf6 5. Nc3 Be7 6. Nxe4 O-O 7. d3 Re8 8.
Bd2 Nxd5 9. O-O-O f5 10. Nc3 Nxc3 11. Bxc3 Bg5+ 12. Bd2 Rxe2 13. Bxg5 Re7 14.
Bxe7 Qxe7 15. g3 Nc6 16. Bg2 Bd7 17. Rhe1 Qf6 18. d4 Re8 19. Ne5 Nxe5 20. dxe5
Qh6+ 21. f4 Bc6 22. Bxc6 Qxc6 23. Rd2 a5 24. a3 b5 25. Kb1 b4 26. axb4 axb4 27.
Red1 b3 28. cxb3 Qe4+ 29. Kc1 h5 30. Rd7 Qc6+ 31. Kb1 Ra8 32. Rd8+ Rxd8 33.
Rxd8+ Kf7 34. Rd2 Qe4+ 35. Kc1 Ke7 36. Kd1 h4 37. Re2 Qb1+ 38. Kd2 Qxb2+ 39.
Ke3 Qxb3+ 40. Kf2 h3 41. Re3 Qd5 42. Ke1 Qh1+ 43. Kd2 Qxh2+ 44. Kd3 Qg1 45. e6
Qxe3+ 46. Kxe3 h2 47. g4 h1=Q 48. gxf5 Qe1+ 49. Kd4 Kd6 50. Kc4 c5 51. f6 gxf6
52. f5 Qe4+ 53. Kc3 Qxf5 54. Kd2 Qxe6 55. Kc3 Qd5 56. Kc2 Qd4 57. Kc1 Qd3 58.
Kb2 Qc4 59. Ka3 Qb5 60. Ka2 Qb4 61. Ka1 Kd5 62. Ka2 Kc4 63. Ka1 Kc3 64. Ka2
Qb2# 0-1

[Event "Titled Tuesday 20th July"]
[Site "chess.com INT"]
[Date "2021.07.20"]
[Round "1"]
[White "Djordjevic, De"]
[Black "Skatchkov, Valery"]
[Result "0-1"]
[WhiteElo "2144"]
[BlackElo "2291"]
[PlyCount "82"]
[EventDate "2021.07.20"]
[SourceTitle "The Week in Chess 1394"]
[Source "Mark Crowther"]
[SourceDate "2021.07.26"]
[SourceVersion "3"]
[SourceVersionDate "2021.07.27"]
[SourceQuality "2"]

1. e4 e5 2. Nf3 d5 3. Nxe5 Bd6 4. d4 dxe4 5. Nc4 Nc6 6. Be2 Nxd4 7. Nxd6+ Qxd6
8. Nc3 Nf6 9. Bg5 Bf5 10. O-O O-O-O 11. Qc1 Nd5 12. Re1 Nxc3 13. bxc3 Nxe2+ 14.
Rxe2 f6 15. Bf4 Qc6 16. Qa3 a6 17. Be3 g5 18. Bd4 Rhe8 19. Qb4 Bg6 20. a4 f5
21. Qc5 Qxc5 22. Bxc5 f4 23. Bd4 Rd5 24. g3 c5 25. Bf6 Bh5 26. Ree1 e3 27. fxe3
fxe3 28. c4 Rf5 29. Bg7 Rf2 30. Rxe3 Rxe3 31. Kxf2 Re2+ 32. Kg1 Rxc2 33. a5 Bf3
34. Re1 Rxc4 35. Re5 g4 36. Kf2 Kd7 37. h4 Kc6 38. Ke3 Kb5 39. Rh5 Re4+ 40. Kd3
Ra4 41. Rxh7 Be4+ 0-1

[Event "Rated Blitz game"]
[Site "?"]
[Date "2021.07.20"]
[Round "?"]
[White "Balendin064"]
[Black "Schachelite"]
[Result "1/2-1/2"]
[WhiteElo "2336"]
[BlackElo "2443"]
[PlyCount "90"]
[EventDate "2021.??.??"]
[EventType "blitz"]

1. e4 e5 2. Nf3 d5 3. exd5 e4 4. Qe2 Nf6 5. Nc3 Be7 6. Nxe4 O-O 7. d3 Re8 8.
Bg5 Nxd5 9. Bxe7 Rxe7 10. Qd2 f5 11. O-O-O fxe4 12. dxe4 Rxe4 13. Qxd5+ Qxd5
14. Rxd5 Nc6 15. Bd3 Rf4 16. Re1 Bg4 17. h3 Bxf3 18. gxf3 Rxf3 19. Rd7 Rxf2 20.
Rxc7 Rb8 21. Rg1 g6 22. h4 Ne5 23. h5 Nxd3+ 24. cxd3 Rf6 25. hxg6 hxg6 26. Kd2
Rb6 27. b3 Rd8 28. Re1 Rbd6 29. Ree7 Rxd3+ 30. Kc2 Rd2+ 31. Kc3 R8d3+ 32. Kb4
a5+ 33. Ka3 Rd8 34. Rg7+ Kf8 35. Rcf7+ Ke8 36. Rxb7 Kf8 37. Rxg6 R2d5 38. Rgg7
Rc8 39. Rh7 Kg8 40. Rbg7+ Kf8 41. Rf7+ Kg8 42. Rhg7+ Kh8 43. Rh7+ Kg8 44. Rhg7+
Kh8 45. Rh7+ Kg8 {Normal} 1/2-1/2

[Event "Rated Blitz game"]
[Site "?"]
[Date "2021.07.20"]
[Round "?"]
[White "agsjgm"]
[Black "AntuanNSK"]
[Result "1-0"]
[WhiteElo "2400"]
[BlackElo "2265"]
[PlyCount "139"]
[EventDate "2021.??.??"]
[EventType "blitz"]

1. e4 e5 2. Nf3 d5 3. Nxe5 Bd6 4. d4 dxe4 5. Nc4 Bf5 6. Nc3 Nf6 7. Bg5 h6 8.
Bh4 Be7 9. Ne3 Bg6 10. Bc4 O-O 11. O-O c6 12. f4 exf3 13. Qxf3 Nbd7 14. Kh1 Ne4
15. Bxe7 Qxe7 16. Nf5 Bxf5 17. Qxf5 Nxc3 18. bxc3 Nf6 19. Rae1 Qd6 20. Re3 Rae8
21. Rg3 Kh8 22. Bd3 Qd5 23. Qh3 Ne4 24. Bxe4 Qxe4 25. Rd3 f5 26. Qf3 Qxf3 27.
Rdxf3 Re2 28. R3f2 Rxf2 29. Rxf2 g6 30. Re2 Kg7 31. Kg1 Kf6 32. c4 Rd8 33. c3
g5 34. Kf2 Rd6 35. Re8 Kf7 36. Rc8 Re6 37. d5 cxd5 38. cxd5 Re7 39. c4 Rd7 40.
Ke3 b6 41. Kd4 Kf6 42. c5 bxc5+ 43. Kxc5 Ke5 44. Re8+ Kf4 45. Re2 h5 46. Kc6
Rd8 47. d6 h4 48. d7 Kg4 49. Kc7 Rg8 50. d8=Q Rxd8 51. Kxd8 f4 52. Ke7 f3 53.
gxf3+ Kxf3 54. Rb2 g4 55. Kd6 g3 56. hxg3 hxg3 57. Kc6 g2 58. Rb1 a5 59. Kb5 a4
60. Kxa4 Kf2 61. Kb4 g1=Q 62. Rxg1 Kxg1 63. a4 Kf2 64. a5 Ke3 65. a6 Kd4 66. a7
Kd5 67. a8=Q+ Ke5 68. Kc4 Ke6 69. Qa5 Kd6 70. Kd4 {Time forfeit} 1-0

[Event "Rated Blitz game"]
[Site "?"]
[Date "2021.07.20"]
[Round "?"]
[White "Volvaric"]
[Black "Maltinho"]
[Result "0-1"]
[WhiteElo "2519"]
[BlackElo "2533"]
[PlyCount "44"]
[EventDate "2021.??.??"]
[EventType "blitz"]

1. e4 e5 2. Nf3 d5 3. d3 Bd6 4. Be2 Nf6 5. Nbd2 O-O 6. O-O Re8 7. c3 c6 8. Re1
Bg4 9. h3 Bh5 10. a4 a5 11. Qb3 Qc7 12. Nf1 Nbd7 13. Ng3 Bg6 14. Nd2 Nc5 15.
Qc2 d4 16. Nf3 Rad8 17. cxd4 exd4 18. Nxd4 Bxg3 19. fxg3 Qxg3 20. Nf3 Ncxe4 21.
dxe4 Bxe4 22. Qc3 Bxf3 {Normal} 0-1

[Event "Rated Blitz game"]
[Site "?"]
[Date "2021.07.20"]
[Round "?"]
[White "masacreitorGeorge"]
[Black "alaeldin112"]
[Result "0-1"]
[WhiteElo "2409"]
[BlackElo "2327"]
[PlyCount "58"]
[EventDate "2021.??.??"]
[EventType "blitz"]

1. e4 e5 2. Nf3 d5 3. exd5 e4 4. Ne5 Qxd5 5. d4 exd3 6. Nxd3 Nf6 7. Nc3 Qd8 8.
Be2 Be7 9. Bf4 Nc6 10. Nb5 Nd5 11. c4 Nxf4 12. Nxf4 Bb4+ 13. Kf1 Bd7 14. Nd5
O-O 15. Nbxc7 Rc8 16. a3 Bc5 17. b4 Bd4 18. Nb5 Bxa1 19. Qxa1 Be6 20. Ne3 a6
21. Nc3 Nd4 22. c5 b6 23. cxb6 Nb3 24. Qb2 Qxb6 25. g4 Qd4 26. Ncd1 Nd2+ 27.
Kg2 Bd5+ 28. Nxd5 Qxd5+ 29. f3 Rfe8 {Normal} 0-1

[Event "Rated Blitz game"]
[Site "?"]
[Date "2021.07.20"]
[Round "?"]
[White "Balendin064"]
[Black "Schachelite"]
[Result "1-0"]
[WhiteElo "2333"]
[BlackElo "2445"]
[PlyCount "67"]
[EventDate "2021.??.??"]
[EventType "blitz"]

1. e4 e5 2. Nf3 d5 3. exd5 e4 4. Qe2 Nf6 5. Nc3 Be7 6. Nxe4 O-O 7. d3 Re8 8.
Bg5 Qxd5 9. Nxf6+ gxf6 10. Be3 Nc6 11. Qd2 Bg4 12. Be2 f5 13. O-O Bf6 14. c3
Rad8 15. d4 Ne7 16. h3 Bh5 17. Rfe1 Ng6 18. Nh2 Bxe2 19. Rxe2 f4 20. Bxf4 Rxe2
21. Qxe2 Nxf4 22. Qg4+ Qg5 23. Qf3 Re8 24. Ng4 c6 25. h4 Ne2+ 26. Kf1 Ng3+ 27.
fxg3 Qb5+ 28. Kg1 Bg7 29. Rf1 Rf8 30. Nf6+ Bxf6 31. Qxf6 Qxb2 32. Rf5 Qc1+ 33.
Kh2 h6 34. Rf4 {Time forfeit} 1-0

[Event "Rated Blitz game"]
[Site "?"]
[Date "2021.07.20"]
[Round "?"]
[White "meridaandres"]
[Black "superior2017"]
[Result "1-0"]
[WhiteElo "2461"]
[BlackElo "2448"]
[PlyCount "77"]
[EventDate "2021.??.??"]
[EventType "blitz"]

1. e4 e5 2. Nf3 d5 3. Nxe5 dxe4 4. d4 Bd6 5. Be2 Nf6 6. O-O O-O 7. Nc3 Bf5 8.
Bf4 Nbd7 9. Re1 Re8 10. Nxd7 Qxd7 11. Bxd6 Qxd6 12. Bc4 c6 13. h3 Rad8 14. Ne2
e3 15. fxe3 Rxe3 16. c3 c5 17. Qb3 Be6 18. Bxe6 Rxe6 19. dxc5 Qxc5+ 20. Nd4
Rxe1+ 21. Rxe1 b6 22. Kh1 h6 23. a4 Nh5 24. Qb5 Ng3+ 25. Kh2 Qd6 26. Kg1 Kh7
27. Nf5 Qg6 28. Nxg3 Qxg3 29. Qf5+ Kg8 30. Qf2 Qd3 31. Re7 Qd1+ 32. Qf1 Qd5 33.
Rxa7 b5 34. Qxb5 Qd1+ 35. Kh2 Qd6+ 36. Kg1 Qd1+ 37. Qf1 Qc2 38. Qxf7+ Kh8 39.
Qxg7# {Normal} 1-0

[Event "Rated Blitz game"]
[Site "?"]
[Date "2021.07.20"]
[Round "?"]
[White "Blind_chess_1"]
[Black "theblitzsociety"]
[Result "0-1"]
[WhiteElo "2451"]
[BlackElo "2590"]
[PlyCount "90"]
[EventDate "2021.??.??"]
[EventType "blitz"]

1. e4 e5 2. Nf3 d5 3. exd5 e4 4. Qe2 Nf6 5. Nc3 Be7 6. Nxe4 O-O 7. Nxf6+ Bxf6
8. d4 Qxd5 9. Qc4 Re8+ 10. Be3 Qa5+ 11. Qc3 Qh5 12. O-O-O Nc6 13. h3 Be6 14.
Kb1 Rad8 15. Be2 Qd5 16. b3 Qd6 17. Qc5 Qxc5 18. dxc5 Nb4 19. Nd4 Nd5 20. Rd3
Bc8 21. Rhd1 Bxd4 22. Rxd4 Nc3+ 23. Kb2 Nxd1+ 24. Rxd1 Rxd1 25. Bxd1 Bf5 26.
Kc3 Be4 27. g3 f6 28. h4 Kf7 29. Be2 Bd5 30. a4 g6 31. b4 h5 32. Bd3 f5 33. Bf4
c6 34. b5 Re1 35. Bb8 Ra1 36. Kb4 Rb1+ 37. Kc3 a6 38. bxa6 bxa6 39. Bc7 Ra1 40.
Kb4 Rh1 41. Bxa6 Rh2 42. Bd3 Rxf2 43. a5 f4 44. Bxf4 Be6 45. a6 Bc8 {Time
forfeit} 0-1

[Event "Rated Blitz game"]
[Site "?"]
[Date "2021.07.20"]
[Round "?"]
[White "GoropadniPoni"]
[Black "Schachelite"]
[Result "1-0"]
[WhiteElo "2428"]
[BlackElo "2448"]
[PlyCount "50"]
[EventDate "2021.??.??"]
[EventType "blitz"]

1. e4 e5 2. Nf3 d5 3. exd5 e4 4. Ng1 Qxd5 5. Nc3 Qe5 6. b3 Nf6 7. Bb2 Nc6 8.
Rb1 Bg4 9. Be2 Qe6 10. h3 Bxe2 11. Ngxe2 O-O-O 12. O-O Bd6 13. Qe1 Rhe8 14. Ng3
Bxg3 15. fxg3 Nd4 16. Rc1 Nf5 17. g4 Qb6+ 18. Qf2 e3 19. Qxf5+ Kb8 20. dxe3
Rxe3 21. Kh1 h5 22. g5 Nd7 23. Rcd1 Rde8 24. Qxd7 a6 25. Nd5 Rxh3+ {Normal} 1-0

[Event "Rated Blitz game"]
[Site "?"]
[Date "2021.07.20"]
[Round "?"]
[White "Sinscher"]
[Black "alaeldin112"]
[Result "1-0"]
[WhiteElo "2556"]
[BlackElo "2321"]
[PlyCount "77"]
[EventDate "2021.??.??"]
[EventType "blitz"]

1. e4 e5 2. Nf3 d5 3. exd5 e4 4. Qe2 Nf6 5. Nc3 Be7 6. Nxe4 O-O 7. Ng3 Re8 8.
Qd1 Nxd5 9. Be2 Nf4 10. O-O Bd6 11. Bc4 Qf6 12. d4 Bg4 13. Bxf4 Bxf4 14. Qd3
Nc6 15. c3 Na5 16. Bb5 c6 17. Ba4 b5 18. Bc2 g6 19. b3 Rad8 20. Rfe1 Nb7 21.
Rxe8+ Rxe8 22. Re1 Rxe1+ 23. Nxe1 Qe7 24. Kf1 h5 25. Qe4 Qf6 26. Nd3 Bd7 27.
Qxf4 Qe7 28. Qe5 Qa3 29. Ne1 Qxa2 30. Qe2 Be6 31. b4 Bc4 32. Bd3 Qxe2+ 33. Kxe2
Nd6 34. Bxc4 Nxc4 35. Ne4 a5 36. bxa5 Nxa5 37. Nd3 Kg7 38. Nb4 f5 39. Nc5 {
Time forfeit} 1-0

[Event "Rated Blitz tournament 8bjlKue5"]
[Site "?"]
[Date "2021.07.20"]
[Round "?"]
[White "celvic"]
[Black "StefizZagorja"]
[Result "0-1"]
[WhiteElo "2434"]
[BlackElo "2216"]
[PlyCount "86"]
[EventDate "2021.??.??"]
[EventType "blitz"]

1. e4 e5 2. Nf3 d5 3. exd5 e4 4. Qe2 f5 5. d3 Nf6 6. Nc3 Bb4 7. dxe4 Bxc3+ 8.
bxc3 fxe4 9. c4 O-O 10. Nd4 Bg4 11. Qe3 c5 12. Nb3 b6 13. Be2 Nbd7 14. O-O Ne5
15. Bb2 Qd6 16. Nd2 Bxe2 17. Qxe2 Neg4 18. g3 Rae8 19. h3 e3 20. hxg4 exd2 21.
Qxd2 Nxg4 22. Qg5 Nf6 23. Rae1 Qd7 24. Re5 Rxe5 25. Bxe5 h6 26. Qg6 Rf7 27. Kg2
Ng4 28. Bf4 Rf6 29. Qe4 g5 30. Be5 Nxe5 31. Qxe5 Qf7 32. d6 Rf5 33. Qe4 Qd7 34.
Rd1 Rf6 35. Qd5+ Kg7 36. Re1 Qxd6 37. Qb7+ Kg6 38. Re7 Qc6+ 39. Qxc6 Rxc6 40.
Rxa7 Kf5 41. Kf3 Ke5 42. g4 Kd4 43. Ra4 Kc3 {Time forfeit} 0-1

[Event "Rated Blitz game"]
[Site "?"]
[Date "2021.07.20"]
[Round "?"]
[White "tfang"]
[Black "BrilliantGambiteer"]
[Result "0-1"]
[WhiteElo "2371"]
[BlackElo "2413"]
[PlyCount "44"]
[EventDate "2021.??.??"]
[EventType "blitz"]

1. e4 e5 2. Nf3 d5 3. exd5 Bd6 4. d3 f5 5. Nc3 Nf6 6. Be2 O-O 7. h4 h6 8. Be3
a6 9. g3 b5 10. a3 Bb7 11. Qd2 Nxd5 12. Nxd5 Bxd5 13. O-O-O Qf6 14. h5 Nd7 15.
Rhg1 a5 16. d4 e4 17. Nh4 b4 18. a4 Nb6 19. Ng6 Rf7 20. b3 c5 21. Kb1 c4 22.
Kb2 c3+ {Normal} 0-1

[Event "Rated Blitz game"]
[Site "?"]
[Date "2021.07.20"]
[Round "?"]
[White "good_knight_kisses"]
[Black "magos33"]
[Result "0-1"]
[WhiteElo "2425"]
[BlackElo "2445"]
[PlyCount "100"]
[EventDate "2021.??.??"]
[EventType "blitz"]

1. e4 e5 2. Nf3 d5 3. exd5 e4 4. Qe2 Nf6 5. Nc3 Be7 6. Nxe4 O-O 7. Nxf6+ Bxf6
8. d4 Re8 9. Be3 Qxd5 10. Qb5 Qxb5 11. Bxb5 c6 12. Be2 Nd7 13. O-O-O a5 14.
Rhe1 Nb6 15. c4 Bf5 16. Ne5 c5 17. f4 Rac8 18. d5 Bxe5 19. fxe5 Rxe5 20. Bd2
Rxe2 21. Rxe2 Bg4 22. Re4 Bxd1 23. Kxd1 a4 24. Ba5 Nd7 25. Re7 Nf6 26. Rxb7 Ne4
27. Rd7 g5 28. Rd8+ Rxd8 29. Bxd8 f5 30. Ke2 Kf7 31. Ke3 h6 32. Bb6 Ke7 33. b3
axb3 34. axb3 Kd6 35. g4 Nf6 36. gxf5 Ng4+ 37. Kf3 Nxh2+ 38. Kg3 Nf1+ 39. Kg4
Ne3+ 40. Kh5 Nxf5 41. Kg6 g4 42. Kxf5 g3 43. b4 cxb4 44. Kg4 g2 45. Kg3 b3 46.
Kxg2 b2 47. c5+ Kxd5 48. c6 Kxc6 49. Be3 b1=Q 50. Bxh6 Qg6+ {Time forfeit} 0-1